| 000 | 00916nas a2200301 4500 | ||
|---|---|---|---|
| 001 | BR0705208 | ||
| 003 | BR-BrBNA | ||
| 005 | 20231205111144.0 | ||
| 007 | ta | ||
| 008 | 230509b bl.|||p| |||| 00| 00por d | ||
| 040 |
_aBR-BrBNA _bpor _cBiblioteca Nacional de Agricultura |
||
| 041 | _a(Pt) | ||
| 072 | _aL70 | ||
| 100 | 1 | _aD'Angelis, F.H. de F. | |
| 100 | 1 | _aMartins, C.B. | |
| 100 | 1 | _aGonçalves, K.N.V. | |
| 100 | 1 | _aBoteli, I.C. | |
| 100 | 1 | _aLacerda Neto, J.C. de | |
| 100 | 1 | _aQueiroz Neto, A. de | |
| 245 | 1 |
_aImportância e conseqüências da biópsia muscular no cavalo atleta _bSuplemento Técnico |
|
| 650 | _aBIOPSIA MUSCULAR | ||
| 650 | _aCAVALO DE CORRIDA | ||
| 650 | _aCICATRIZAÇÃO | ||
| 650 | _aDESEMPENHO | ||
| 773 | 0 |
_tRevista CFMV (Brazil) _xISSN 1517-6959 _g(May-Aug 2006), v. 12(38) p. 32-37 _wBR0705208 |
|
| 909 |
_a202311 _bLúcia _c55 _dLúcia Elande |
||
| 942 |
_2AGRIS _n0 _cANA |
||
| 999 |
_c191005 _d191005 |
||